[Event "27th Heraklion Open 2019"]
[Site "Heraklion"]
[Date "2019.09.07"]
[Round "6.16"]
[White "Koutsaftis, Efstratios Panagioti"]
[Black "Georgakakis, Michail"]
[Result "1/2-1/2"]
[WhiteElo "1611"]
[BlackElo "1303"]
[Annotator "NA"]
[PlyCount "93"]
[EventDate "2019.09.03"]
[EventType "swiss"]
[EventCountry "GRE"]
[SourceTitle "playchess.com"]
[Source "ChessBase"]
[SourceQuality "1"]
[TimeControl "40/5400+30:1800+30"]

1. c4 d6 2. Nf3 Nf6 3. d4 g6 4. Nc3 Bg7 5. e4 O-O 6. Be2 c5 7. O-O a6 8. d5 e5 9. a4 b6 10. h3 Ne8 11. Rb1 f5 12. Ng5 f4 13. Ne6 Bxe6 14. dxe6 Nc6 15. Nd5 Bf6 16. a5 bxa5 17. Qa4 Nd4 18. Bd1 Nc7 19. Bd2 Ncxe6 20. Bxa5 Qe8 21. Qxe8 Raxe8 22. Ba4 Rb8 23. Nxf6+ Rxf6 24. f3 Nb3 25. Be1 Ned4 26. Rd1 Rf7 27. Rd3 Rfb7 28. Bc3 g5 29. Kf2 h5 30. g3 h4 31. gxh4 gxh4 32. Rg1+ Rg7 33. Rg4 Rxg4 34. hxg4 Kg7 35. Kg2 Nc1 36. Rd1 Nce2 37. Rd3 Kg6 38. Bd1 Nc1 39. Rd2 Ncb3 40. Rd3 Nc1 41. Rd2 Ncb3 42. Rf2 Kg5 43. Kh3 Rb7 44. Rh2 Rh7 45. Rh1 Rb7 46. Kg2 Nc1 47. Kh3 1/2-1/2

[Event "27th Heraklion Open 2019"]
[Site "Heraklion"]
[Date "2019.09.07"]
[Round "6.17"]
[White "Xirouhakis, Emmanouil"]
[Black "Mavridis, Emmanouel"]
[Result "1-0"]
[WhiteElo "1574"]
[BlackElo "1268"]
[Annotator "NA"]
[PlyCount "115"]
[EventDate "2019.09.03"]
[EventType "swiss"]
[EventCountry "GRE"]
[SourceTitle "playchess.com"]
[Source "ChessBase"]
[SourceQuality "1"]
[TimeControl "40/5400+30:1800+30"]

1. d4 d5 2. c4 e6 3. Nc3 Be7 4. Nf3 Nf6 5. e3 O-O 6. Qc2 c6 7. Bd3 Nbd7 8. O-O dxc4 9. Bxc4 Nb6 10. Bd3 Nbd5 11. a3 Qb6 12. Na4 Qc7 13. e4 Nb6 14. Nxb6 Qxb6 15. e5 Nd5 16. Bxh7+ Kh8 17. Be4 c5 18. Bxd5 exd5 19. dxc5 Qxc5 20. Qxc5 Bxc5 21. b4 Bb6 22. Bb2 Bg4 23. Nd4 Rfe8 24. h3 Bd7 25. Rfe1 Rac8 26. Rad1 Ba4 27. Rd2 f6 28. Rde2 Kg8 29. Kh1 fxe5 30. Rxe5 g6 31. f3 Bc7 32. Rxe8+ Rxe8 33. Rxe8+ Bxe8 34. Ne6 Bd6 35. Bd4 b6 36. Be3 Bd7 37. Nd4 Kf7 38. f4 Be7 39. Nf3 Bf6 40. Bd4 Bxd4 41. Nxd4 Ke7 42. g4 Kd6 43. Kg2 a5 44. Kg3 axb4 45. axb4 Ke7 46. f5 gxf5 47. gxf5 Kf6 48. Kf4 Be8 49. h4 b5 50. Nc2 Bd7 51. Ne3 Bc6 52. Ng4+ Kg7 53. Ne5 Be8 54. Kg5 d4 55. f6+ Kf8 56. Kf4 Bh5 57. Ke4 d3 58. Kxd3 1-0

[Event "27th Heraklion Open 2019"]
[Site "Heraklion"]
[Date "2019.09.07"]
[Round "6.18"]
[White "Petratos, Georgios"]
[Black "Paraskevopoulos, Savvas Anastasios"]
[Result "1-0"]
[WhiteElo "1567"]
[BlackElo "1069"]
[Annotator "NA"]
[PlyCount "105"]
[EventDate "2019.09.03"]
[EventType "swiss"]
[EventCountry "GRE"]
[SourceTitle "playchess.com"]
[Source "ChessBase"]
[SourceQuality "1"]
[TimeControl "40/5400+30:1800+30"]

1. e4 c5 2. Ne2 Nc6 3. d4 cxd4 4. Nxd4 Nf6 5. Nc3 e5 6. Ndb5 d6 7. Bg5 a6 8. Na3 b5 9. Bxf6 gxf6 10. Nd5 Bg7 11. c3 f5 12. Bd3 fxe4 13. Bxe4 O-O 14. Nf6+ Qxf6 15. Bxc6 Ra7 16. O-O Qg6 17. Qf3 Bf5 18. Rfe1 Be6 19. Qg3 f5 20. Rad1 Rd8 21. Bd5 Kf7 22. Nc2 Rc7 23. Nb4 a5 24. Bxe6+ Qxe6 25. Nd5 Rc5 26. Qf3 Kg8 27. Qxf5 Qxf5 28. Ne7+ Kf7 29. Nxf5 Bf8 30. g4 Rc4 31. h3 Rf4 32. Rxe5 dxe5 33. Rxd8 Bc5 34. Rd2 h5 35. Nd6+ Kg6 36. gxh5+ Kxh5 37. Nxb5 Kh4 38. Kg2 e4 39. Nd4 Rf6 40. Re2 Rg6+ 41. Kf1 Bxd4 42. Rxe4+ Kxh3 43. Rxd4 Rb6 44. b3 Rc6 45. c4 Rb6 46. c5 Rc6 47. Rc4 Rg6 48. c6 a4 49. Rc3+ Kh2 50. bxa4 Rh6 51. c7 Rh4 52. c8=Q Rg4 53. Qh8+ 1-0

[Event "27th Heraklion Open 2019"]
[Site "Heraklion"]
[Date "2019.09.07"]
[Round "6.19"]
[White "Koutsouraki, Ariadni"]
[Black "Kharlamov, Vladimir P."]
[Result "*"]
[WhiteElo "1516"]
[BlackElo "2418"]
[Annotator "TA"]
[PlyCount "38"]
[EventDate "2019.09.03"]
[EventType "swiss"]
[EventCountry "GRE"]
[SourceTitle "playchess.com"]
[Source "ChessBase"]
[SourceQuality "1"]

{[%evp 19,38,39,123,42,29,4,2,-45,-47,-54,-42,-62,0,-8,0,-42,-12,-56,-47,-40,-52]} 1. e4 c5 2. Nf3 Nc6 3. d4 cxd4 4. Nxd4 Nf6 5. Nc3 e5 6. Ndb5 d6 7. Bg5 a6 8. Bxf6 gxf6 9. Na3 b5 10. Nd5 Be7 (10... f5 $14) 11. Qd2 {B33: Sicilian: Pelikan and Sveshnikov Variations} ({Better is} 11. Bd3 $16) (11. Bd3 Rg8 12. O-O Bh3 13. Ne3 Be6 14. c4 bxc4 15. Bxc4 Nd4 16. b3 Rb8 17. Nac2 Nxc2 18. Qxc2 a5 19. Qd2 Kf8 20. Rac1 Rg7 21. Rc2 Qb6 22. Rd1 {1-0 (22) Schmidt,T (2597)-Blank,W (2500) ICCF email 2008}) 11... f5 $14 12. Nxe7 Qxe7 13. Rd1 $146 {The position is equal.} ({Predecessor:} 13. O-O-O O-O 14. Qxd6 Qg5+ 15. Qd2 Qxd2+ 16. Rxd2 fxe4 17. c3 Be6 18. Kb1 Rfd8 19. Rxd8+ Rxd8 {½-½ (44) Bao,K-Le,T Vung Tau 2004}) 13... fxe4 14. Qxd6 Qxd6 15. Rxd6 Bb7 (15... Nb4 $15) 16. c3 $11 Ke7 17. Rd1 Rhg8 18. Rg1 Rad8 19. Nc2 f5 *

[Event "27th Heraklion Open 2019"]
[Site "Heraklion"]
[Date "2019.09.08"]
[Round "7.1"]
[White "Moiseenko, Vadim"]
[Black "Hulshof, Peter"]
[Result "1/2-1/2"]
[WhiteElo "2543"]
[BlackElo "2180"]
[Annotator "TA"]
[PlyCount "71"]
[EventDate "2019.09.03"]
[EventType "swiss"]
[EventCountry "GRE"]
[SourceTitle "playchess.com"]
[Source "ChessBase"]
[SourceQuality "1"]

{[%evp 9,71,27,18,0,0,-45,-27,-39,13,16,18,33,2,32,81,23,31,-50,-39,-44,-19,-31,-35,-58,-48,-50,-44,-81,-79,-93,-74,-75,-74,-112,-102,-106,-89,-63,-58,-66,-68,-77,-66,-61,-61,-80,0,0,0,0,-2,-25,-8,-64,-64,-65,-63,-72,0,-75,0,-81,0,-58]} 1. c4 g6 2. Nc3 Bg7 3. d4 d6 4. f4 c6 5. e4 Qb6 6. e5 {A42: Modern Defence: Averbakh Variation} Nh6 7. Nf3 (7. Be2 O-O 8. Nf3 Bg4 9. Qb3 Nf5 10. Qxb6 axb6 11. d5 Bxf3 12. Bxf3 dxe5 13. fxe5 Bxe5 {0-1 (51) Caruana,F (2818)-Rapport,R (2747) Saint Louis 2019}) 7... Bg4 8. Na4 {Black has an edge.} Qa5+ (8... Bxf3 $15 9. gxf3 (9. Nxb6 Bxd1 10. Nxa8 Bc2 $15) 9... Qc7) 9. Bd2 $11 Qc7 10. h3 Bxf3 $1 11. Qxf3 O-O {[#]} 12. c5 $146 (12. g4 $1 $16) ({Predecessor:} 12. g4 c5 13. exd6 exd6 {1-0 (26) Stoyanov,S (1828)-Kostadinov,R (2086) Plovdiv 2017}) 12... Nd7 {[%cal Bb8d7,Bd7c5,Bc5e6][%mdl 32]} 13. Be2 (13. g4 $14) 13... b5 $1 $15 {[%cal Rb5a4]} 14. Nc3 dxc5 15. dxc5 Nxc5 16. Be3 Ne6 17. g4 f6 18. Nxb5 cxb5 19. Qd5 Qa5+ 20. Kf2 fxe5 21. Qxe6+ {[%mdl 64] [#] Double Attack} Kh8 22. f5 Ng8 23. Bf3 Rad8 {...gxf5 is the strong threat.} 24. Rad1 gxf5 25. gxf5 Rf6 26. Qxe5 Rfd6 27. Qc5 Rxd1 (27... Qa4 $17 {[%cal Rd6d1]} 28. Qc1 Qxa2) 28. Rxd1 $11 Rxd1 29. Bxd1 Qxa2 30. Bd4 Qc4 31. Bxg7+ ({Better is} 31. Qxc4 $11 bxc4 32. Bxa7) 31... Kxg7 $15 32. Qe5+ Kf8 33. Qb8+ Kg7 34. Qe5+ Kf8 35. Qb8+ $1 Kg7 36. Qe5+ {Accuracy: White = 42%, Black = 42%.} 1/2-1/2

[Event "27th Heraklion Open 2019"]
[Site "Heraklion"]
[Date "2019.09.08"]
[Round "7.2"]
[White "Mirzoev, Emil"]
[Black "Levin, Evgeny A."]
[Result "1/2-1/2"]
[WhiteElo "2477"]
[BlackElo "2511"]
[Annotator "TA"]
[PlyCount "40"]
[EventDate "2019.09.03"]
[EventType "swiss"]
[EventCountry "GRE"]
[SourceTitle "playchess.com"]
[Source "ChessBase"]
[SourceQuality "1"]

{[%evp 15,40,28,31,5,5,5,5,5,7,4,9,0,2,0,0,0,0,0,13,12,7,4,10,-1,8,0,13]} 1. e4 e5 2. Nf3 Nf6 3. Nxe5 d6 4. Nf3 Nxe4 5. Nc3 Nxc3 6. dxc3 Be7 7. Be3 Nc6 8. Qd2 Be6 9. Nd4 {C42: Petroff Defence: 3 Nxe5 and unusual White 3rd moves} (9. O-O-O {is more complex.} O-O 10. Bd3 Qd7 11. Rhe1 Rfe8 12. Kb1) (9. O-O-O Qd7 10. h3 Bf6 11. g4 h6 12. Bg2 O-O-O 13. b3 g5 14. Nd4 Nxd4 15. cxd4 d5 16. f4 gxf4 17. Bxf4 {½-½ (39) Cheparinov,I (2679)-Wang,Y (2684) China 2019}) 9... Nxd4 {The position is equal.} 10. cxd4 O-O 11. Bd3 Qd7 12. O-O Bf5 13. Rfe1 Rfe8 14. Bf4 Bf6 15. c3 {[#]} Bxd3 $146 ({Predecessor:} 15... h6 16. h3 a6 {½-½ (45) Karavade,E (2384)-Jovanic,O (2507) Zadar 2017}) 16. Qxd3 Rxe1+ 17. Rxe1 Re8 18. Rxe8+ Qxe8 19. Kf1 g6 20. Qe2 Qe6 1/2-1/2

[Event "27th Heraklion Open 2019"]
[Site "Heraklion"]
[Date "2019.09.08"]
[Round "7.3"]
[White "Bogdanov, Egor"]
[Black "Putrenko, Kirill"]
[Result "1/2-1/2"]
[WhiteElo "2422"]
[BlackElo "1974"]
[Annotator "NA"]
[PlyCount "85"]
[EventDate "2019.09.03"]
[EventType "swiss"]
[EventCountry "GRE"]
[SourceTitle "playchess.com"]
[Source "ChessBase"]
[SourceQuality "1"]
[TimeControl "40/5400+30:1800+30"]

1. b3 b6 2. Bb2 Bb7 3. c4 Nf6 4. Nf3 e6 5. Nc3 c5 6. e3 Be7 7. d4 cxd4 8. exd4 d5 9. Bd3 O-O 10. O-O Nc6 11. Rc1 Nb4 12. Bb1 Rc8 13. a3 Nc6 14. cxd5 Nxd5 15. Qd3 g6 16. Ne4 Re8 17. Ne5 f5 18. Nxc6 Bxc6 19. Ng3 Nf4 20. Qe3 Bg5 21. Qe5 Qd5 22. f3 Qxe5 23. dxe5 Bd5 24. b4 h5 25. Rxc8 Rxc8 26. Re1 h4 27. Ne2 Nxe2+ 28. Rxe2 h3 29. Kf2 hxg2 30. Kxg2 Bc1 31. Bxc1 Rxc1 32. Ba2 Bxa2 33. Rxa2 Rc3 34. a4 Kf7 35. a5 Rc4 36. axb6 axb6 37. Ra7+ Kf8 38. Ra8+ Kf7 39. Ra7+ Kf8 40. b5 Rb4 41. Ra8+ Kf7 42. Ra7+ Kf8 43. Ra8+ 1/2-1/2

[Event "27th Heraklion Open 2019"]
[Site "Heraklion"]
[Date "2019.09.08"]
[Round "7.4"]
[White "Lirindzakis, Timotheos"]
[Black "Brokalakis - Gounaris, Christos"]
[Result "1/2-1/2"]
[WhiteElo "2157"]
[BlackElo "1977"]
[Annotator "ChessBase"]
[PlyCount "112"]
[EventDate "2019.09.03"]
[EventType "swiss"]
[EventCountry "GRE"]
[SourceTitle "playchess.com"]
[Source "ChessBase"]
[SourceQuality "1"]
[TimeControl "40/5400+30:1800+30"]

1. Nf3 Nf6 2. c4 e6 3. Nc3 d5 4. d4 Bb4 5. Bg5 h6 6. Bxf6 Qxf6 7. e3 O-O 8. Rc1 dxc4 9. Bxc4 c5 10. dxc5 Bxc5 11. Qc2 Qe7 12. a3 a6 13. Ba2 Nc6 14. Nd5 exd5 15. Qxc5 Qf6 16. Qc3 Qxc3+ 17. Rxc3 Be6 18. Rd3 Rfd8 19. O-O Rd7 20. Rc1 Kf8 21. Bb3 Rad8 22. Nd4 Nxd4 23. Rxd4 Ke7 24. Ba4 b5 25. Bb3 Rd6 26. Kf1 R8d7 27. Ke2 Rd8 28. Rc5 R6d7 29. Ba2 Rd6 30. Kd2 R8d7 31. Kc3 Rd8 32. Kb4 R8d7 33. Bb3 Rd8 34. Rc7+ R8d7 35. Rc8 Ra7 36. Rc5 Rad7 37. Ka5 Rd8 38. Rc7+ R8d7 39. Rc8 Ra7 40. Rc5 Rad7 41. a4 bxa4 42. Bxa4 Rb7 43. b4 Rbb6 44. Bb3 Kf6 45. Bxd5 Bxd5 46. Rcxd5 Re6 47. e4 Ke7 48. e5 Rb7 49. Rc4 Reb6 50. Rdc5 Kd7 51. f4 g6 52. Rd5+ Ke8 53. Rcd4 Kf8 54. Rd8+ Kg7 55. R8d6 Rb5+ 56. Ka4 a5 1/2-1/2

[Event "27th Heraklion Open 2019"]
[Site "Heraklion"]
[Date "2019.09.08"]
[Round "7.5"]
[White "Fasching, Markus"]
[Black "Peng, Li Min"]
[Result "0-1"]
[WhiteElo "2029"]
[BlackElo "2465"]
[Annotator "TA"]
[PlyCount "82"]
[EventDate "2019.09.03"]
[EventType "swiss"]
[EventCountry "GRE"]
[SourceTitle "playchess.com"]
[Source "ChessBase"]
[SourceQuality "1"]

{[%evp 18,82,41,23,28,22,31,18,58,11,38,0,37,0,29,0,0,-8,0,-54,-53,-56,-54,-54,-43,-85,-63,-91,-86,-84,-85,-84,-89,-85,-81,-101,-58,-65,-58,-77,-61,-84,-52,-160,-152,-162,-160,-159,-162,-158,-160,-164,-159,-164,-164,-150,-157,-150,-143,-303,-287,-1335,-1316,-29986,-29987,-29995,-29996]} 1. e4 c5 2. Nf3 d6 3. d4 cxd4 4. Nxd4 Nf6 5. Nc3 a6 6. Be2 e6 7. a4 b6 8. f4 Bb7 9. Bf3 Nbd7 10. O-O Rc8 {B84: Sicilian Scheveningen: 6 Be2 a6, lines without early Be3} 11. Qe1 Qc7 12. Kh1 e5 {The position is equal.} 13. Nde2 $146 ({Predecessor:} 13. Nf5 g6 14. fxe5 dxe5 15. Nh6 Qc4 16. Bg5 Qe6 17. Qh4 Be7 18. Rad1 Rd8 19. Nf5 Bf8 {1-0 (29) Hracek,Z (2615)-Movsesian,S (2650) Germany 1999}) 13... h5 14. Bd2 g6 15. Rc1 Be7 16. Qf2 Qc5 17. Be3 Qb4 18. fxe5 (18. Rb1 $11) 18... dxe5 $15 19. Rfd1 Kf8 (19... Bxe4 $6 {[#]} 20. Rxd7 $1 {[%mdl 512]} Kxd7 21. Bxe4 $14) 20. Bg5 Kg7 21. Qe3 Nc5 {[%cal Bd7c5,Bc5e6,Be6d4][%mdl 32]} 22. Bxf6+ Bxf6 (22... Kxf6 $6 23. Nd5+ Bxd5 24. c3 $11) 23. b3 Ne6 {Strongly threatening ...Bg5.} 24. Nd5 Bxd5 25. exd5 Nd4 26. Qe4 {Hoping for c3.} Qc5 27. Nxd4 exd4 28. Re1 Qb4 29. Qd3 b5 30. d6 ({Better is} 30. axb5 $15 axb5 31. Be2) 30... Rc3 $17 31. Qe2 Rd8 32. axb5 axb5 (32... Qxb5 33. Be4 $15) 33. Be4 Re3 ({Don't play} 33... Qxd6 34. Bd3 $17) 34. Qf2 Rxd6 ({Don't take} 34... Qxd6 35. Rxe3 dxe3 36. Qxe3 $15) 35. Bd3 Bg5 {And now ...Rf6 would win.} 36. Ra1 Rf6 37. Qg1 h4 $36 {[%mdl 2048] Black is in control.} 38. Rxe3 $2 (38. Rf1 $17 {was the only chance.}) 38... dxe3 $19 ({Much less strong is} 38... Bxe3 39. Qe1 $17) 39. Qd1 $2 {[#]} (39. Rf1 Qd2 40. Rxf6 Bxf6 41. Qf1) 39... h3 $1 {[%mdl 512]} 40. gxh3 Rf2 41. Ra2 {[#]} Qd6 $1 {[%mdl 512] Accuracy: White = 32%, Black = 72%.} 0-1

[Event "27th Heraklion Open 2019"]
[Site "Heraklion"]
[Date "2019.09.08"]
[Round "7.6"]
[White "Fragkiadakis, Emmanouel"]
[Black "Gretarsson, Helgi Ass"]
[Result "0-1"]
[WhiteElo "1743"]
[BlackElo "2410"]
[Annotator "TA"]
[PlyCount "52"]
[EventDate "2019.09.03"]
[EventType "swiss"]
[EventCountry "GRE"]
[SourceTitle "playchess.com"]
[Source "ChessBase"]
[SourceQuality "1"]

{[%evp 9,52,42,65,62,77,75,71,68,137,141,161,126,194,101,101,99,101,-24,-7,-21,-26,-29,-29,-21,0,-6,0,0,0,-29,-10,-209,-198,-164,-174,-578,-571,-752,-738,-733,-721,-29997,-190,-29998,-29999]} 1. d4 d6 2. Bf4 Nd7 (2... g6 3. Nc3 Bg7 4. e4 a6 5. Qd2 b5 6. Nf3 Bb7 7. Bd3 Nd7 8. O-O c5 9. dxc5 Nxc5 10. b4 Nxd3 11. cxd3 Nf6 12. Bh6 {0-1 (41) Demchenko,A (2679)-Petrosian,T (2598) St Petersburg 2018}) 3. Nf3 g6 4. Nc3 Bg7 5. e4 c5 {With the idea ...cxd4.} 6. e5 {A41: 1 d4 d6: Tartakower System and Modern Defence} cxd4 7. Qxd4 dxe5 8. Nxe5 $146 {Threatens to win with 0-0-0.White is better.} ({Predecessor:} 8. Bxe5 Ngf6 9. O-O-O O-O 10. Bb5 Qa5 11. Bxd7 Bh6+ 12. Kb1 Nxd7 13. Nd5 Nxe5 14. Qxe5 {1-0 (14) Linke,K-Demberger,L Eisenberg 1993}) 8... g5 ({Black should try} 8... Ngf6 $1 $14) 9. Bg3 $1 $16 Nh6 {And now ...Nf5 would win.} 10. Bb5 Nf5 (10... a6 $16 {was necessary.} 11. Bxd7+ Qxd7 12. Qxd7+ Bxd7) 11. Qe4 (11. Qg4 $18 Nd6 12. Qxg5) 11... Nd6 12. Qd5 O-O 13. Nxd7 (13. Bxd7 $16 Bxd7 14. Nxd7 Qxd7 15. O-O-O) 13... Nxb5 $11 14. Qxb5 Qxd7 15. Qxg5 Qe6+ 16. Kf1 b6 17. h3 Bb7 18. Kg1 $1 h6 19. Qh4 Rad8 20. Bf4 $2 {[#]} (20. Kh2 $11) 20... Rd4 $1 $40 {[%mdl 128] ...Qc4 is the strong threat. Black has strong attack.} ({And not} 20... Bxc3 21. bxc3 Qg6 22. Rh2 $11) 21. Qg3 Kh7 {Strongly threatening ...Rg8.} 22. Rd1 $2 {[#]} (22. Qe3 {nothing else works.}) 22... Rg8 $1 23. Rxd4 Bxd4 24. Qd3+ f5 {( -> ...Qe1+)} 25. Rh2 Qe1+ {[%mdl 64] Double Attack} 26. Qf1 Bxf2+ $1 {Accuracy: White = 36%, Black = 60%.} 0-1

[Event "27th Heraklion Open 2019"]
[Site "Heraklion"]
[Date "2019.09.08"]
[Round "7.7"]
[White "Namini, Armin"]
[Black "Xirouhakis, Emmanouil"]
[Result "1-0"]
[WhiteElo "2251"]
[BlackElo "1574"]
[Annotator "NA"]
[PlyCount "65"]
[EventDate "2019.09.03"]
[EventType "swiss"]
[EventCountry "GRE"]
[SourceTitle "playchess.com"]
[Source "ChessBase"]
[SourceQuality "1"]
[TimeControl "40/5400+30:1800+30"]

1. c4 c6 2. g3 d5 3. Nf3 Nf6 4. Bg2 e6 5. O-O Nbd7 6. d4 Bd6 7. Nfd2 O-O 8. Nc3 Re8 9. e4 dxe4 10. Ndxe4 Nxe4 11. Nxe4 Bf8 12. Bf4 Nf6 13. Nc3 Bd6 14. Be5 Bxe5 15. dxe5 Nd7 16. Qe2 Qc7 17. f4 Rb8 18. Ne4 c5 19. Rad1 b6 20. Rd2 Bb7 21. Rfd1 Red8 22. Nd6 Bxg2 23. Nb5 Qb7 24. Qxg2 Qxg2+ 25. Kxg2 Rb7 26. h4 h5 27. Kh3 Kf8 28. a4 a5 29. Rd3 Ke7 30. Nd6 Rbb8 31. Nxf7 Kxf7 32. Rxd7+ Rxd7 33. Rxd7+ 1-0

[Event "27th Heraklion Open 2019"]
[Site "Heraklion"]
[Date "2019.09.08"]
[Round "7.8"]
[White "Ivanov, Mike"]
[Black "Petratos, Georgios"]
[Result "1-0"]
[WhiteElo "2177"]
[BlackElo "1567"]
[Annotator "NA"]
[PlyCount "47"]
[EventDate "2019.09.03"]
[EventType "swiss"]
[EventCountry "GRE"]
[SourceTitle "playchess.com"]
[Source "ChessBase"]
[SourceQuality "1"]
[TimeControl "40/5400+30:1800+30"]

1. e4 d5 2. exd5 Nf6 3. Nf3 Nxd5 4. d4 Bg4 5. h3 Bh5 6. c4 Nb6 7. g4 Bg6 8. Nc3 e6 9. Ne5 N8d7 10. Nxg6 hxg6 11. c5 Nd5 12. Nxd5 exd5 13. Qb3 Qe7+ 14. Be3 Qe4 15. Rg1 c6 16. Qxb7 Rb8 17. Qxc6 Rxb2 18. Bb5 Rb1+ 19. Rxb1 Qxb1+ 20. Ke2 Qc2+ 21. Bd2 Qe4+ 22. Kd1 Qf3+ 23. Kc1 Qa3+ 24. Kb1 1-0

[Event "27th Heraklion Open 2019"]
[Site "Heraklion"]
[Date "2019.09.08"]
[Round "7.9"]
[White "Bras, Emmanouel"]
[Black "Alquist, Erik"]
[Result "1/2-1/2"]
[WhiteElo "1838"]
[BlackElo "2020"]
[Annotator "NA"]
[PlyCount "135"]
[EventDate "2019.09.03"]
[EventType "swiss"]
[EventCountry "GRE"]
[SourceTitle "playchess.com"]
[Source "ChessBase"]
[SourceQuality "1"]
[TimeControl "40/5400+30:1800+30"]

1. d4 Nf6 2. Nf3 d5 3. Bf4 c5 4. c3 Nc6 5. e3 Qb6 6. Qb3 c4 7. Qc2 Bf5 8. Qc1 h6 9. Nbd2 e6 10. Be2 Be7 11. h3 O-O 12. O-O Rfc8 13. Ne5 Qd8 14. Qd1 b5 15. Ndf3 a5 16. g4 Bh7 17. Bg3 Ne4 18. Bh2 b4 19. Nxc6 Rxc6 20. Ne5 Rb6 21. Bf3 bxc3 22. Bxe4 Bxe4 23. bxc3 f6 24. Nf3 Ba3 25. Nd2 Bd3 26. Re1 Bb2 27. Rc1 a4 28. e4 a3 29. exd5 exd5 30. Qf3 Bxc1 31. Rxc1 Rb2 32. Nf1 Rxa2 33. Ne3 Be4 34. Qf4 Rb2 35. Nxc4 dxc4 36. Qxe4 a2 37. Ra1 Ra7 38. Kg2 Re7 39. Qc6 Qd7 40. Qxc4+ Qe6 41. d5 Qe4+ 42. Qxe4 Rxe4 43. d6 Ree2 44. Bg3 Red2 45. c4 Rb1 46. Rxa2 Rxa2 47. c5 Rc2 48. d7 Rd1 49. Bd6 Rxc5 50. d8=Q+ Kh7 51. Qe7 Rcd5 52. Bg3 R1d4 53. Qb7 Kg8 54. Bc7 Rd7 55. Qc8+ Kh7 56. Bb6 R4d5 57. h4 g6 58. Be3 Kg7 59. Bxh6+ Kxh6 60. Qh8+ Rh7 61. Qxf6 Rg7 62. h5 Rdd7 63. hxg6 Rxg6 64. Qf8+ Rdg7 65. f3 Kh7 66. Kg3 Rg8 67. Qf5 Kh6 68. Qh5+ {Kh7} 1/2-1/2

[Event "27th Heraklion Open 2019"]
[Site "Heraklion"]
[Date "2019.09.08"]
[Round "7.10"]
[White "Natoli, Domenico"]
[Black "Kotsinis, Alexandros"]
[Result "0-1"]
[WhiteElo "1694"]
[BlackElo "1951"]
[Annotator "NA"]
[PlyCount "106"]
[EventDate "2019.09.03"]
[EventType "swiss"]
[EventCountry "GRE"]
[SourceTitle "playchess.com"]
[Source "ChessBase"]
[SourceQuality "1"]
[TimeControl "40/5400+30:1800+30"]

1. d4 d5 2. c4 dxc4 3. e4 Nc6 4. Nf3 Bg4 5. d5 Ne5 6. Bf4 Ng6 7. Be3 e5 8. Bxc4 a6 9. O-O Nf6 10. Bd3 Bd6 11. Nbd2 O-O 12. h3 Bd7 13. Nc4 b5 14. Nxd6 cxd6 15. Rc1 Nh5 16. Bg5 f6 17. Be3 Ngf4 18. Kh2 g5 19. g4 Nxd3 20. Qxd3 Ng7 21. Rg1 Rc8 22. Qa3 Qe7 23. Rxc8 Bxc8 24. Rc1 h5 25. gxh5 Qd7 26. Ng1 Nxh5 27. Rc6 Nf4 28. Bxf4 exf4 29. Qxd6 Qe8 30. f3 Kg7 31. Rc7+ Rf7 32. Qc6 Bd7 33. Qxa6 Qe5 34. Qa7 Qd6 35. Qc5 Qe5 36. Qc3 Qd6 37. b4 Kg6 38. a3 Rh7 39. Qc2 Qe5 40. Rc5 g4 41. d6 g3+ 42. Kg2 Qa1 43. Qc1 Qd4 44. Qc2 Qa1 45. Qc1 Qd4 46. Qc2 Qe3 47. Rc3 Qe1 48. e5+ Bf5 49. Qb2 Qxe5 50. Qd2 Bxh3+ 51. Nxh3 Rxh3 52. Kxh3 Qh5+ 53. Kg2 Qh2+ {Qb2} 0-1

[Event "27th Heraklion Open 2019"]
[Site "Heraklion"]
[Date "2019.09.08"]
[Round "7.11"]
[White "Atakay, Mustafa"]
[Black "Koutsouraki, Ariadni"]
[Result "1-0"]
[WhiteElo "1866"]
[BlackElo "1516"]
[Annotator "NA"]
[PlyCount "79"]
[EventDate "2019.09.03"]
[EventType "swiss"]
[EventCountry "GRE"]
[SourceTitle "playchess.com"]
[Source "ChessBase"]
[SourceQuality "1"]
[TimeControl "40/5400+30:1800+30"]

1. d4 d5 2. c4 e6 3. Nf3 Nf6 4. g3 Bb4+ 5. Bd2 Be7 6. Bg2 c6 7. Qc2 Nbd7 8. O-O O-O 9. Bf4 Nh5 10. Bc1 Nhf6 11. b3 b6 12. Rd1 Bb7 13. Nc3 Rc8 14. e4 dxe4 15. Nxe4 Nxe4 16. Qxe4 Nf6 17. Qe2 Qc7 18. Bf4 Bd6 19. Ne5 Nd7 20. c5 Bxe5 21. cxb6 axb6 22. dxe5 c5 23. Bxb7 Qxb7 24. Rd6 b5 25. Rad1 Nb8 26. Qg4 Kh8 27. Bg5 Qc7 28. Rc1 Nd7 29. Bf4 Nb6 30. Be3 Nd7 31. f4 c4 32. Qe2 Rfd8 33. a4 bxa4 34. Rxc4 Qb7 35. bxa4 Qb1+ 36. Rd1 Qb8 37. Rxc8 Qxc8 38. Qd3 Qb7 39. a5 h6 40. Bb6 1-0

[Event "27th Heraklion Open 2019"]
[Site "Heraklion"]
[Date "2019.09.08"]
[Round "7.12"]
[White "Vlatas, Dimitrios"]
[Black "Burnett, Leon P"]
[Result "1/2-1/2"]
[WhiteElo "1393"]
[BlackElo "1849"]
[Annotator "NA"]
[PlyCount "60"]
[EventDate "2019.09.03"]
[EventType "swiss"]
[EventCountry "GRE"]
[SourceTitle "playchess.com"]
[Source "ChessBase"]
[SourceQuality "1"]
[TimeControl "40/5400+30:1800+30"]

1. e4 c5 2. Nc3 Nc6 3. f4 g6 4. Nf3 Bg7 5. Bc4 e6 6. O-O Nge7 7. Qe1 O-O 8. d3 a6 9. a3 b6 10. Qh4 Nd4 11. Nxd4 cxd4 12. Ne2 d5 13. Bb3 dxe4 14. dxe4 Nc6 15. Qg3 Na5 16. Ba2 Qc7 17. Qd3 Rd8 18. Ng3 Bd7 19. Rf2 Bb5 20. Qd1 Nc4 21. Bxc4 Qxc4 22. b3 Qc5 23. Bb2 e5 24. f5 f6 25. b4 Qe7 26. Qg4 Be8 27. h4 Rac8 28. fxg6 hxg6 29. Rd1 Qd7 30. Qf3 Rc6 1/2-1/2

[Event "27th Heraklion Open 2019"]
[Site "Heraklion"]
[Date "2019.09.08"]
[Round "7.13"]
[White "Koutsourakis, Ioannis"]
[Black "Terzakis, Georgios"]
[Result "1-0"]
[WhiteElo "1739"]
[BlackElo "1162"]
[Annotator "NA"]
[PlyCount "81"]
[EventDate "2019.09.03"]
[EventType "swiss"]
[EventCountry "GRE"]
[SourceTitle "playchess.com"]
[Source "ChessBase"]
[SourceQuality "1"]
[TimeControl "40/5400+30:1800+30"]

1. d4 d5 2. c4 e6 3. Nc3 Nf6 4. cxd5 exd5 5. Bg5 Nbd7 6. e3 Be7 7. Bd3 h6 8. Bh4 O-O 9. Nge2 b6 10. O-O Bb7 11. f3 c5 12. Rc1 Re8 13. Bf2 cxd4 14. Nxd4 Bc5 15. Na4 Bxd4 16. exd4 Rc8 17. Qd2 Rxc1 18. Rxc1 Nf8 19. Nc3 Ng6 20. Nb5 a6 21. Nc7 Re7 22. Nxa6 Bxa6 23. Bxa6 Ra7 24. Rc8 Qxc8 25. Bxc8 Rxa2 26. g3 Ra8 27. Bf5 Ne7 28. Bd3 Nc6 29. g4 Rc8 30. Ba6 Rd8 31. Bh4 Rd6 32. Bxf6 Rxf6 33. Bb7 Ne7 34. Kg2 Rg6 35. Qb4 Re6 36. Qa3 Re2+ 37. Kf1 Rxh2 38. Qxe7 Rxb2 39. Bxd5 Rb1+ 40. Kg2 Rb2+ 41. Kg3 1-0